Plantas medicinales en la zona cafetera y de páramo de Jambaló, Cauca, Colombia /

Bibliographic Details
Main Authors: Paz Perafán, Gisela Mabel (Author), Montenegro Paz, Gerardo (Author)
Format: Electronic eBook
Language:Spanish
Published: Popayán, Colombia : Editorial Universidad del Cauca, [2019]
Subjects:
Online Access:Digitalia Hispánica

MARC

LEADER 00000nam a2200000Ii 4500
001 DIGUCAUCA0051
003 NyNyDIG
007 cr |||||||||||
008 210829s2019 ck ao ob 001 0dspa d
006 m o d
035 |a (OCoLC)1282639893 
040 |a DGITA  |b eng  |e rda  |e pn  |c DGITA 
020 |z 9789587323474 
043 |a s-ck--- 
050 1 4 |a QK99.C7 ebook 
082 1 4 |a 581.63409861 
100 1 |a Paz Perafán, Gisela Mabel,  |e author. 
245 1 0 |a Plantas medicinales en la zona cafetera y de páramo de Jambaló, Cauca, Colombia /  |c Gisela Mabel Paz Perafán, Gerardo Montenegro Paz. 
264 1 |a Popayán, Colombia :  |b Editorial Universidad del Cauca,  |c [2019] 
300 |a 1 online resource :  |b illustrations, photographs. 
336 |a text  |b txt  |2 rdacontent 
337 |a computer  |b c  |2 rdamedia 
338 |a online resource  |b cr  |2 rdacarrier 
347 |a text file  |2 rdaft 
347 |b PDF 
504 |a Includes bibliographical references and indexes. 
588 0 |a Online resource; title from PDF title page (Digitalia, viewed August 29, 2021) 
650 0 |a Medicinal plants  |z Colombia  |z Cauca River Valley. 
655 0 |a Electronic books. 
700 1 |a Montenegro Paz, Gerardo,  |e author. 
791 2 |a Digitalia (Firm),  |e distributor. 
793 0 |g Digitalia eBook Collection:  |a Editorial Universidad del Cauca 
776 0 8 |i Print version:  |a Paz Perafán, Gisela Mabel.  |t Plantas medicinales en la zona cafetera y de páramo de Jambaló, Cauca, Colombia.  |b Primera edición en español.  |d Popayán, Colombia : Editorial Universidad del Cauca, [2019]  |z 9789587323474 
856 4 0 |3 Digitalia Hispánica  |u https://www.digitaliapublishing.com/a/82781/ 
910 |a Premium collection: 2021